| 000 | 00619nam a2200157 i 4500 | ||
|---|---|---|---|
| 001 | 90295 | ||
| 003 | ES-MaACL | ||
| 005 | 20230906180414.0 | ||
| 007 | t| | ||
| 008 | 050119s1957 sp ||||1| spa d | ||
| 245 | 0 | 0 |
_aLegislación de accidentes de trabajo _b: texto refundido de la Ley de Accidentes del Trabajo y Reglamento para su aplicación / _ccon anotaciones por Juan Mon Pascual ; y Apéndice con el Reglamento del Seguro de Enfermedades Profesionales. |
| 260 |
_aBarcelona : _bBayer Hnos, _c1957. |
||
| 300 |
_a301 p. ; _c15 cm. |
||
| 700 | 1 |
_aMon Pascual, Juan. _982095 |
|
| 852 |
_aES-MaACL _jC-17379 _bR.42186 |
||
| 999 |
_c90295 _d90295 |
||